000 00595nam a2200229 a 4500
999 _c5375
_d5375
001 5375
003 BD-JhCC
005 20171213173957.0
008 171213s1962 bg |||| ||a| 000 0 eng d
035 _a(BD-JhCC)5375
040 _aBD-JhCC
_dBD-JhCC
041 _aeng
082 _a510.2462
_bCHP 1962
100 _aChapman, W.A. j.
245 _aApplied Workshop Calculations /
_cW.A. j. Chapman
260 _aLondon
_bEdward Arnold Publisher Ltd,
_c1962.
300 _a247 p. :
_c16 CM.
650 _aMachine
_xShop Practice
650 _aMathmatics
942 _2ddc
_cBK